00618nam a2200169 i 450000100060000000300090000600500170001500700030003200800410003524501270007626000350020330000200023870000270025885200240028599900170030995201220032689280ES-MaACL20230906180133.0t|050105s1922 fr d |||| | fre d00aLarousse universel en 2 volumes b: nouveau dictionnaire encyclopédique / cpublié sous la direction de Claude Augé. aParís : bLarousse, c[1922] a2 v. ; c30 cm.1 aAugé, Claude.923878 aES-MaACLjB-1802-03 c89280d89280 00104070aATENEOMbATENEOMcSPBd2008-01-17eSCl0oB-1802-03p1093242r2023-02-23 00:00:00w2023-02-23yMONOGRAFIA